|
|
|
|
| LEADER |
00000nab a2200000 a 4500 |
| 001 |
vtls000907866 |
| 003 |
SK-MaSNL |
| 005 |
20260304133520.0 |
| 008 |
040720e20011221xo 0 slo |
| 035 |
|
|
|a KE16801
|
| 040 |
|
|
|a KEVKJB
|b slo
|c KEVKJB
|e AACR2
|
| 041 |
0 |
|
|a slo
|
| 044 |
|
|
|a xo
|c SK
|
| 080 |
|
|
|a 282
|2 1981
|
| 080 |
|
|
|a 291.7
|2 1981
|
| 100 |
1 |
|
|a Červínka, Jozef,
|d 1935-2011
|4 aut
|9 253536
|
| 245 |
1 |
0 |
|a V Argentíne sa na Vianoce prekrikujú cvrčky s cikádami
|b Misionár je človek lásky, nosí v sebe záujem o všetky národy a všetkých ľudí, zvlášť o najmenších a najúbohejších,...
|
| 300 |
|
|
|b 5 obr.
|
| 610 |
2 |
7 |
|a Slovenské misijné hnutie
|2 KEVKJB
|9 30639
|
| 650 |
0 |
7 |
|a misie
|2 KEVKJB
|9 4097
|
| 650 |
0 |
7 |
|a misionári
|2 KEVKJB
|9 1966
|
| 650 |
0 |
7 |
|a aktivity
|2 KEVKJB
|9 372560
|
| 650 |
0 |
7 |
|a informácie
|2 KEVKJB
|9 1285
|
| 651 |
|
7 |
|a Košice (Slovensko)
|2 KEVKJB
|9 18694
|
| 651 |
|
7 |
|a KE,
|2 KEVKJB
|9 877256
|
| 655 |
|
7 |
|a periodikum
|2 snkbucl
|9 29553
|
| 710 |
2 |
|
|a Slovenské misijné hnutie
|4 aut
|9 30639
|
| 773 |
0 |
8 |
|t Košický večer
|g Roč. 12
|g Roč. 33, 21.12.2001, s. 11
|
| 773 |
0 |
8 |
|i Príl.:
|t Magazín. - Roč. 6, č. 51 (2001)
|
| 852 |
|
|
|a ZVYKNI
|b KIS3GCP
|
| 999 |
|
|
|c 2902021
|d 2903951
|